000 00354nam a22001337a 4500
020 _a9787119117249
040 _cNUST
082 _a349.51
_bZEY
100 _aZhuo Zeyuan
_986450
245 _aRule of Law in China;
_bUnderstanding China
260 _aChina :
_bForeign Languages Press,
_c2018.
300 _a251p :
_bPaperback
_c24 cm.
942 _2ddc
_cBK
999 _c608395
_d608395